La bendición de la navidad. Meditaciones.

Shranjeno v:
Bibliografske podrobnosti
Glavni avtor: Benedicto XVI, Papa, 1927-2022 Ratzinger, Joseph (autor)
Drugi avtorji: Bernet, Roberto Heraldo (traducción)
Format: Knjiga
Jezik:angleščina
Izdano: Barcelona, España: Herder, 2007.
Izdaja:1a. edición.
Teme:
Oznake: Označite
Brez oznak, prvi označite!

MARC

LEADER 00000nam a22000007a 4500
003 CL-VaPUC
005 20230731161908.0
008 230725t2007 ||||| |||| 00| 0 eng d
999 |c 441406  |d 441404 
022 |a 978-84-254-2536-3 
040 |c Pontificia Universidad Católica de Valparaíso 
082 |2 22  |a 242.33 RAT 2007 
100 |a Benedicto XVI, Papa,  |d 1927-2022  |e autor  |q Ratzinger, Joseph   |9 883869 
245 |a La bendición de la navidad.   |b Meditaciones.  
250 |a 1a. edición.  
260 |a Barcelona, España:   |b Herder,   |c 2007. 
300 |a 126 páginas.  
500 |a c.1 Donación Sr. Jorge Precht Pizarro. 26-05-23. Biblioteca Teología.  
583 |c 20230725  |k Yessy Sthefany Diaz Vidal 
650 0 |9 355004  |a Navidad   |x Fiesta religiosa  |x Cristianismo  
650 0 |9 318605  |a Adviento  |x Nacimiento de Jesucristo   |x Año litúrgico cristiano 
700 |9 880322  |a Bernet, Roberto Heraldo  |e traducción 
942 |2 ddc  |c BK 
952 |0 0  |1 0  |2 ddc  |4 0  |6 242_330000000000000_RAT_2007  |7 0  |8 A  |9 590953  |a BIBTEO  |b BIBTEO  |c GEN  |d 2023-07-25  |e Donación   |i 5658135  |o 242.33 RAT 2007  |p 5658135  |r 2025-01-17  |t 1  |w 2023-07-25  |y BK  |k ICR